Villes de Syrie - Carte Quiz - Statistiques

Statistiques générales
  • Ce quiz a été pris 237 fois
  • Le résultat moyen est 7 sur 16
Réponses sur la Carte
Les réponses sont colorées sur une échelle allant du rouge au vert en fonction du pourcentage des utilisateurs qui les ont devinées à leur premier essai. Vous pouvez retrouver ces pourcentages ci-dessous.
 
Statistiques - réponses
Réponse % Correct
Damas
80%
Alep
72%
Lattaquié
66%
Homs
54%
Deir ez-Zor
52%
Tartous
52%
Hama
49%
Idlib
48%
Raqqa
46%
Soueïda
38%
Hassaké
34%
Deraa
30%
Kameshli
27%
Abou Kemal
23%
Azaz
20%
Manbij
20%
Aucun quiz correspondant
Distribution des résultats
% des personnes avec chaque résultat
Percentile par nombre de réponses
Votre historique - résultats
Vous n’avez pas pris ce quiz